Animal Alphabet Picture 5 - Statistics

General Stats
  • This quiz has been taken 64 times
  • The average score is 17 of 26
Answer Stats
Picture Hint Answer % Correct
C Cat
94%
D Donkey
94%
J Jellyfish
90%
A Antelope
85%
P Penguin
85%
S Shark
85%
W Whale
85%
B Buffalo
83%
K Kitten
83%
L Leopard
83%
O Otter
81%
Z Zebra
81%
H Hummingbird
79%
Y Yak
79%
R Robin
73%
Q Queen Bee
67%
T Tadpole
67%
E Egret
56%
G Gopher
48%
F Firefly
46%
M Musk Ox
42%
V Velvet Ant
29%
I Isopod
27%
N Nanny Goat
27%
U Urial
21%
X Xenopus
19%
No matching quizzes found
Score Distribution
Percent of People with Each Score
Percentile by Number Answered
Your Score History
You have not taken this quiz